| 000 | 00683nam a2200205Ia 4500 | ||
|---|---|---|---|
| 003 | GCL | ||
| 008 | 140319s9999 xx 000 0 ara d | ||
| 040 |
_aGCL / _cGCL |
||
| 082 | 0 | 4 |
_a811.5 _bص م |
| 100 | 1 | _aصالح حسن البيطى | |
| 245 | 1 | 0 |
_aالمتنبى وابو العلاء المعرى رؤية فى الابداع الادبى / _cصالح حسن البيطى |
| 260 |
_a[S.N] : _bدار المعرفة الجامعية ، _c1990 |
||
| 300 | _a242 ص | ||
| 490 | _a | ||
| 650 | 0 | 4 | _aالشعر العربى |
| 650 | 0 | 4 | _aالادب العربى |
| 650 | 0 | 4 | _aالدولة العباسية الثانية |
| 650 | 0 | 4 | _aتاريخ ونقد |
| 942 |
_2ddc _cBK |
||
| 999 |
_c36425 _d36425 |
||